000 00548nam a2200169 i 4500
001 59979
003 ES-MaACL
005 20230906164131.0
007 t|
008 031031s1931 sp ||||1| spa d
100 1 _aErenburg, Il'ia Grigor'evich.
_947378
245 1 3 _aEl amor de Juana Ney /
_cElías Erenburg ; versión española de Manuel Pumarega.
260 _aMadrid :
_bEdiciones Hoy,
_c1931 (
_fCompañía General de Artes Gráficas)
300 _a374 p. :
_bil. ;
_c19 cm.
700 1 _aPumarega, Manuel.
_994395
852 _aES-MaACL
_jA-917
999 _c59979
_d59979